[Event "SVK-chT U16 rapid"]
[Site "Poprad"]
[Date "2025.05.04"]
[Round "4.23"]
[White "Jancigova, Kristina Lara"]
[Black "Mucha, Maximilian"]
[Result "1-0"]
[WhiteElo "1623"]
[BlackElo "1485"]
[PlyCount "153"]
[EventDate "2025.05.04"]
[EventType "team-swiss (rapid)"]
[EventRounds "7"]
[EventCountry "SVK"]
[SourceTitle "CB19_2025"]
[SourceDate "2025.05.07"]
[SourceVersion "1"]
[SourceVersionDate "2025.05.07"]
[SourceQuality "1"]

1. e4 e5 2. Nf3 Nc6 3. d4 d6 4. d5 Nce7 5. h3 Nf6 6. Bg5 Nxe4 7. Be3 h6 8. Bd3 Nf6 9. Bc4 c6 10. Nc3 cxd5 11. Nxd5 Nfxd5 12. Bxd5 Nxd5 13. Qxd5 Qc7 14. 0-0-0 Be6 15. Qd2 Bxa2 16. Rhe1 Be6 17. g4 Rd8 18. Nh4 Be7 19. Nf5 Bxf5 20. gxf5 0-0 21. Bxh6 f6 22. Rg1 Rf7 23. Qd5 Bf8 24. Rg2 Qc6 25. Qxc6 bxc6 26. Rdg1 Rdd7 27. Be3 a6 28. h4 d5 29. c3 Rc7 30. h5 c5 31. Kb1 d4 32. cxd4 cxd4 33. Bd2 Rfd7 34. h6 Kh7 35. hxg7 Rxg7 36. Rg6 Rxg6 37. Rxg6 Bg7 38. Rg3 Bh6 39. Rh3 Kg7 40. Bxh6+ Kf7 41. Bd2 Kg7 42. Rg3+ Kf7 43. b3 e4 44. Bh6 Rc5 45. Rg7+ Ke8 46. Rg8+ Kf7 47. Rd8 d3 48. Rd4 Rxf5 49. Rxe4 Rxf2 50. Rd4 Rh2 51. Bf4 Rh4 52. Be3 Rxd4 53. Bxd4 Ke6 54. Kc1 f5 55. Kd2 Kd5 56. Kxd3 f4 57. b4 f3 58. Bf2 Kc6 59. Kc4 Kd6 60. Kb3 Kc6 61. Ka4 Kb7 62. Ka5 Ka8 63. Kxa6 Kb8 64. b5 Ka8 65. b6 Kb8 66. b7 Kc7 67. Ka7 Kc6 68. b8Q Kd5 69. Qf4 Ke6 70. Qxf3 Ke5 71. Qg4 Kf6 72. Qh5 Kg7 73. Bd4+ Kf8 74. Qh7 Ke8 75. Bf6 Kf8 76. Qg7+ Ke8 77. Qe7# 1-0

[Event "SVK-chT U16 rapid"]
[Site "Poprad"]
[Date "2025.05.04"]
[Round "5.23"]
[White "Mucha, Maximilian"]
[Black "Nemec, Viktor"]
[Result "0-1"]
[WhiteElo "1485"]
[BlackElo "1481"]
[PlyCount "56"]
[EventDate "2025.05.04"]
[EventType "team-swiss (rapid)"]
[EventRounds "7"]
[EventCountry "SVK"]
[SourceTitle "CB19_2025"]
[SourceDate "2025.05.07"]
[SourceVersion "1"]
[SourceVersionDate "2025.05.07"]
[SourceQuality "1"]

1. e4 c6 2. c4 d5 3. cxd5 cxd5 4. exd5 Nf6 5. Nc3 Nxd5 6. Nxd5 Qxd5 7. Nf3 Bg4 8. Be2 Nc6 9. h3 Bh5 10. 0-0 e5 11. Ne1 Bxe2 12. Qxe2 Nd4 13. Qd3 e4 14. Qe3 Bc5 15. Qc3 Ne2+ 16. Kh1 Nxc3 17. dxc3 0-0 18. f3 exf3 19. Rxf3 Qd1 20. Bh6 Qxa1 21. Bd2 Qxb2 22. Nd3 Qxd2 23. Nxc5 Rae8 24. Rd3 Re1+ 25. Kh2 Qf4+ 26. Rg3 Rh1+ 27. Kxh1 Qxg3 28. Ne4 Qe1+ 0-1